000 00479nam a22001577a 4500
003 OSt
005 20220908230854.0
008 220908b |||||||| |||| 00| 0 eng d
040 _cBiblioteca Lado V
082 _a750
_bM986l
110 _aMuseo de arte y Diseño Contemporáneo
245 _aLibros de artistas/
260 _aSan Jose, Costa Rica
_bMuseo de Arte y Diseño Contemporaneo
300 _a10p.
_c11x16.5cm
942 _2ddc
_c1
_h750
_iM986l
_n0
999 _c1971
_d1971